书目信息 |
| 题名: |
至精至好且不奢
|
|
| 作者: | 马美惠 编著 | |
| 分册: | ||
| 出版信息: | 北京 北京工业大学出版社 2021.1 |
|
| 页数: | 385页, [4] 页图版 | |
| 开本: | 26cm | |
| 丛书名: | 中华文明历史长卷 | |
| 单 册: | ||
| 中图分类: | J509.2 | |
| 科图分类: | ||
| 主题词: | 手工艺--工艺美术史--中国 | |
| 电子资源: | ||
| ISBN: | 978-7-5639-3324-2 | |
| 000 | 00915nam 2200265 45 | |
| 001 | 012001001171 | |
| 005 | 20130910162449.0 | |
| 010 | @a978-7-5639-3324-2@dCNY58.80 | |
| 099 | @aCAL 012013015242 | |
| 100 | @a20130201d2013 em y0chiy0110 ea | |
| 101 | 0 | @achi |
| 102 | @aCN@b110000 | |
| 105 | @aaf z 000yy | |
| 106 | @ar | |
| 200 | 1 | @a至精至好且不奢@Azhi jing zhi hao qie bu she@e手工艺卷@f马美惠编著 |
| 210 | @a北京@c北京工业大学出版社@d2021.1 | |
| 215 | @a385页, [4] 页图版@c图@d26cm | |
| 225 | 2 | @a中华文明历史长卷@Azhong hua wen ming li shi chang juan |
| 330 | @a本书主要内容包括: 造纸和笔、墨、砚的制作 ; 雕刻 ; 编织 ; 捏塑 ; 民间绘画 ; 雕版印刷工艺 ; 剪纸与皮影 ; 纺织 ; 印染等。 | |
| 461 | 0 | @12001 @a中华文明历史长卷 |
| 606 | 0 | @a手工艺@x工艺美术史@y中国 |
| 690 | @aJ509.2@v5 | |
| 701 | 0 | @a马美惠@Ama mei hui@4编著 |
| 801 | @aCN@b江苏凤凰@c20211018 | |
| 905 | @b1342463-6@dJ509.2@e596@f4 | |
| 至精至好且不奢:手工艺卷/马美惠编著.-北京:北京工业大学出版社,2021.1 |
| 385页, [4] 页图版:图;26cm.-(中华文明历史长卷) |
| ISBN 978-7-5639-3324-2:CNY58.80 |
| 本书主要内容包括: 造纸和笔、墨、砚的制作 ; 雕刻 ; 编织 ; 捏塑 ; 民间绘画 ; 雕版印刷工艺 ; 剪纸与皮影 ; 纺织 ; 印染等。 |
| ● |
| 相关链接 |
|
|
|
|
正题名:至精至好且不奢
索取号:J509.2/596
 
预约/预借
| 序号 | 登录号 | 条形码 | 馆藏地/架位号 | 状态 | 备注 |
| 1 | 1342463 | 213424631 | 第一样本阅览室/ [索取号:J509.2/596] | 在馆 | |
| 2 | 1342464 | 213424640 | 第一借阅区/ [索取号:J509.2/596] | 在馆 | |
| 3 | 1342465 | 213424659 | 第一借阅区/ [索取号:J509.2/596] | 在馆 | |
| 4 | 1342466 | 213424668 | 第一借阅区/ [索取号:J509.2/596] | 在馆 |